Standing trial: Law and the person in the modern (Record no. 619051)

MARC details
000 -LEADER
fixed length control field 00437nam a2200157 a 4500
008 - FIXED-LENGTH DATA ELEMENTS--GENERAL INFORMATION
fixed length control field 260407s2026##################000#0#eng##
020 ## - INTERNATIONAL STANDARD BOOK NUMBER
ISBN 9781860649974
Paper back/Hardbound hbk
041 ## - LANGUAGE CODE
Language code of text/sound track or separate title eng
082 04 - DEWEY DECIMAL CLASSIFICATION NUMBER
Classification number 349.56 DUP
100 ## - MAIN ENTRY--AUTHOR NAME
Personal name Dupret, Baudouin
245 10 - TITLE STATEMENT
Title Standing trial: Law and the person in the modern
Statement of responsibility, etc Baudouin Dupret
260 ## - PUBLICATION, DISTRIBUTION, ETC. (IMPRINT)
Place of publication Londn:
Name of publisher I B Tauris,
Year of publication 2004
300 ## - PHYSICAL DESCRIPTION
Number of Pages vii;382 p.
Dimensions 20 cm.
942 ## - ADDED ENTRY ELEMENTS (KOHA)
Koha item type English Books
Holdings
Withdrawn status Lost status Damaged status Not for loan Home library Current library Shelving location Date acquired Full call number Accession Number Price effective from Koha item type
        Anna Centenary Library Anna Centenary Library 4TH FLOOR, A WING 07.04.2026 349.56 DUP 492998 07.04.2026 English Books

Find us on the map